[Event "BCF-ch Seniors 65"]
[Site "Llandudno"]
[Date "2017.08.05"]
[Round "7"]
[White "Skinner, Nicholas H"]
[Black "Tunstall, Mike"]
[Result "1-0"]
[WhiteElo "1907"]
[BlackElo "2030"]
[PlyCount "57"]
[EventDate "2017.07.30"]
[EventType "swiss"]
[EventRounds "7"]
[EventCountry "WLS"]
[SourceTitle "CBM 179 Extra"]
[Source "ChessBase"]
[SourceDate "2017.08.23"]
[SourceVersion "1"]
[SourceVersionDate "2017.08.23"]
[SourceQuality "1"]

1. d4 Nf6 2. Bf4 g6 3. Nc3 d5 4. e3 Bg7 5. h4 c5 6. Nb5 Na6 7. Be2 Bd7 8. a4 cxd4 9. exd4 Qb6 10. c3 Bxb5 11. Bxb5+ Nd7 12. Qe2 Nc7 13. Bxd7+ Kxd7 14. Nf3 f6 15. 0-0 Rae8 16. Rfe1 Qe6 17. Qd2 Qg4 18. Bxc7 Kxc7 19. c4 e6 20. cxd5 exd5 21. Qa5+ Kb8 22. Rxe8+ Rxe8 23. Qxd5 Qe4 24. Qd6+ Ka8 25. Re1 Qc6 26. Rxe8+ Qxe8 27. d5 a6 28. b3 h6 29. Qc7 1-0

[Event "BCF-ch Seniors 65"]
[Site "Llandudno"]
[Date "2017.08.02"]
[Round "4"]
[White "Tunstall, Mike"]
[Black "Kendall, Paul SN"]
[Result "1-0"]
[WhiteElo "2030"]
[BlackElo "1959"]
[PlyCount "65"]
[EventDate "2017.07.30"]
[EventType "swiss"]
[EventRounds "7"]
[EventCountry "WLS"]
[SourceTitle "CBM 179 Extra"]
[Source "ChessBase"]
[SourceDate "2017.08.23"]
[SourceVersion "1"]
[SourceVersionDate "2017.08.23"]
[SourceQuality "1"]

1. e4 c5 2. c3 g6 3. d4 cxd4 4. cxd4 d5 5. exd5 Nf6 6. Bb5+ Nbd7 7. Nc3 Bg7 8. d6 0-0 9. dxe7 Qxe7+ 10. Nge2 a6 11. Bc4 Nb6 12. Bd3 Be6 13. 0-0 Rfd8 14. Be3 Rac8 15. Nf4 Bc4 16. Re1 Qb4 17. Rb1 h5 18. a3 Qd6 19. h3 Bh6 20. Nxh5 Nxh5 21. Bxh6 Qxd4 22. Bxc4 Nxc4 23. Qxd4 Rxd4 24. Re7 b5 25. Ne4 Kh7 26. Be3 Rd3 27. g4 Nxe3 28. gxh5 Nf5 29. Rxf7+ Kh6 30. hxg6 Rg8 31. Rxf5 Rxh3 32. Ng3 Kxg6 33. Rc5 1-0

[Event "BCF-ch Seniors"]
[Site "Aberystwyth"]
[Date "2014.08.01"]
[Round "7"]
[White "Tunstall, Mike"]
[Black "Marks, Ian Alexander"]
[Result "1/2-1/2"]
[WhiteElo "1978"]
[BlackElo "1978"]
[PlyCount "109"]
[EventDate "2014.07.26"]
[EventType "swiss"]
[EventRounds "7"]
[EventCountry "WLS"]
[SourceTitle "EXT 2017"]
[Source "ChessBase"]
[SourceDate "2016.10.25"]
[SourceVersion "1"]
[SourceVersionDate "2016.10.25"]
[SourceQuality "1"]

1. e4 c5 2. c3 Nf6 3. e5 Nd5 4. d4 cxd4 5. Nf3 e6 6. cxd4 Nc6 7. Nc3 Nxc3 8. bxc3 d6 9. exd6 Bxd6 10. Bd3 h6 11. 0-0 0-0 12. Qe2 Re8 13. Re1 e5 14. d5 Nb8 15. Nd4 Bf8 16. Bb2 Qxd5 17. c4 Qd8 18. Rad1 Qe7 19. Nb5 Qc5 20. Ba3 Qb6 21. Bxf8 Rxf8 22. c5 Qa5 23. Qxe5 Nd7 24. Qe7 Nf6 25. Nc7 Bg4 26. f3 Rac8 27. fxg4 Qxc7 28. h3 Rfe8 29. Qd6 Qxc5+ 30. Qxc5 Rxc5 31. Rxe8+ Nxe8 32. Bf5 g6 33. Be4 Rc7 34. Bd5 Kf8 35. Bb3 b5 36. Rd5 Rb7 37. g5 hxg5 38. Rxg5 a5 39. a4 Nd6 40. Rd5 Rb6 41. Rc5 Ke7 42. Rc7+ Kd8 43. Ra7 bxa4 44. Bxa4 Nb7 45. Ra8+ Kc7 46. Rf8 Nd6 47. Ra8 Rb1+ 48. Kh2 Nb7 49. Rf8 Rf1 50. Bc2 f5 51. Rf7+ Kb8 52. Rf8+ Kc7 53. Rf7+ Kb8 54. Rf8+ Kc7 55. Rf7+ 1/2-1/2